| 000 | 00559nam a2200169Ia 4500 | ||
|---|---|---|---|
| 008 | 090201s9999 xx 000 0 und d | ||
| 010 | _aKPL-19469 | ||
| 040 | _bमराठी | ||
| 041 | _aमराठी | ||
| 082 |
_a8908 _b19469 |
||
| 100 | _aप्र. द. मराठे | ||
| 245 |
_aएक क्षणांचा पक्षी _cप्र. द. मराठे |
||
| 260 |
_c2004 _bभारतीय ग्रंथ भवन |
||
| 300 |
_a158 _bमोठा |
||
| 600 | _aएक क्षणांचा पक्षी | ||
| 942 | _cBOOK | ||
| 999 |
_c209459 _d209459 |
||